[Event "Stay Safe Play From Home 298"]
[Site "Emanuel Lasker Arena"]
[Date "2020.07.13"]
[Round "5"]
[White "Patzeroglu"]
[Black "Buzaglo"]
[Result "0-1"]
[WhiteElo "1845"]
[BlackElo "1835"]
[Annotator "NA RC"]
[PlyCount "58"]
[EventDate "2020.07.13"]
[EventType "swiss (blitz)"]

1. e4 {[%emt 0:00:02]} e6 {[%emt 0:00:00]} 2. Nf3 {[%emt 0:00:01]} d5 {[%emt 0:00:00]} 3. d3 {[%emt 0:00:01] Patzeroglu offers a draw} dxe4 {[%emt 0:00:01]} 4. dxe4 {[%emt 0:00:02]} c5 {[%emt 0:00:02]} 5. Qxd8+ {[%emt 0:00:06]} Kxd8 {[%emt 0:00:00]} 6. Bf4 {[%emt 0:00:01]} Nc6 {[%emt 0:00:02]} 7. Nbd2 {[%emt 0:00:00]} Nf6 {[%emt 0:00:01]} 8. O-O-O {[%emt 0:00:00]} Ke7 {[%emt 0:00:02]} 9. c3 {[%emt 0:00:01]} Bd7 {[%emt 0:00:02]} 10. Bb5 {[%emt 0:00:01]} Rd8 {[%emt 0:00:03]} 11. Bxc6 {[%emt 0:00:02]} Bxc6 {[%emt 0:00:00]} 12. Nc4 {[%emt 0:00:05]} Nxe4 {[%emt 0:00:05]} 13. Rxd8 {[%emt 0:00:17]} Kxd8 {[%emt 0:00:03]} 14. Rd1+ {[%emt 0:00:00]} Kc8 {[%emt 0:00:04]} 15. Nfe5 {[%emt 0:00:03]} Nxf2 {[%emt 0:00:02]} 16. Rf1 {[%emt 0:00:05]} Ne4 {[%emt 0:00:02]} 17. Nxf7 {[%emt 0:00:00]} Rg8 {[%emt 0:00:01]} 18. Be5 {[%emt 0:00:01]} Nf6 {[%emt 0:00:03]} 19. Nfd6+ {[%emt 0:00:04]} Bxd6 {[%emt 0:00:01]} 20. Nxd6+ {[%emt 0:00:01]} Kd7 {[%emt 0:00:01]} 21. Nc4 {[%emt 0:00:01]} Bxg2 {[%emt 0:00:01]} 22. Rg1 {[%emt 0:00:01]} Bd5 {[%emt 0:00:02]} 23. Bxf6 {[%emt 0:00:00]} Bxc4 {[%emt 0:00:02]} 24. Rxg7+ {[%emt 0:00:03]} Rxg7 {[%emt 0:00:01]} 25. Bxg7 {[%emt 0:00:00]} Bd5 {[%emt 0:00:03]} 26. b4 {[%emt 0:00:00]} cxb4 {[%emt 0:00:01]} 27. cxb4 {[%emt 0:00:00]} Kc6 {[%emt 0:00:00]} 28. Kb2 {[%emt 0:00:00]} Kb5 {[%emt 0:00:00]} 29. a3 {[%emt 0:00:00]} Kc4 {[%emt 0:00:00] Time (Lag: Av=1.19s, max=2.0s)} 0-1

[Event "Stay Safe Play From Home 298"]
[Site "Emanuel Lasker Arena"]
[Date "2020.07.13"]
[Round "5"]
[White "NeatFox"]
[Black "Chase the sun"]
[Result "1-0"]
[WhiteElo "1836"]
[BlackElo "1797"]
[Annotator "NA RC"]
[PlyCount "53"]
[EventDate "2020.07.13"]
[EventType "swiss (blitz)"]

{- Lerch, Martin Erik} 1. g4 {[%emt 0:00:01]} d5 {[%emt 0:00:04]} 2. Bg2 {[%emt 0:00:01]} c6 {[%emt 0:00:00]} 3. c4 {[%emt 0:00:01]} dxc4 {[%emt 0:00:02]} 4. Qa4 {[%emt 0:00:01]} b5 {[%emt 0:00:04]} 5. Qc2 {[%emt 0:00:02]} Bxg4 {[%emt 0:00:03]} 6. Nc3 {[%emt 0:00:00]} Nf6 {[%emt 0:00:02]} 7. Nxb5 {[%emt 0:00:00]} Qb6 {[%emt 0:00:02]} 8. Nc3 {[%emt 0:00:02]} e6 {[%emt 0:00:01]} 9. Ne4 {[%emt 0:00:03]} Nxe4 {[%emt 0:00:02]} 10. Bxe4 {[%emt 0:00:00]} Bc5 {[%emt 0:00:02]} 11. e3 {[%emt 0:00:01]} O-O {[%emt 0:00:02]} 12. Bf3 {[%emt 0:00:00]} Bxf3 {[%emt 0:00:02]} 13. Nxf3 {[%emt 0:00:00]} Nd7 {[%emt 0:00:01]} 14. Qxc4 {[%emt 0:00:00]} f5 {[%emt 0:00:02]} 15. Qc2 {[%emt 0:00:01]} e5 {[%emt 0:00:01]} 16. Rg1 {[%emt 0:00:00]} e4 {[%emt 0:00:02]} 17. Ng5 {[%emt 0:00:02]} Ne5 {[%emt 0:00:01]} 18. Ne6 {[%emt 0:00:01]} Nd3+ {[%emt 0:00:01]} 19. Ke2 {[%emt 0:00:01]} Qb5 {[%emt 0:00:01]} 20. Nxc5 {[%emt 0:00:01]} Nxc5+ {[%emt 0:00:02]} 21. Ke1 {[%emt 0:00:02]} Nd3+ {[%emt 0:00:01]} 22. Kd1 {[%emt 0:00:00]} Nb4 {[%emt 0:00:01]} 23. Qb3+ {[%emt 0:00:02]} Kh8 {[%emt 0:00:02]} 24. a3 {[%emt 0:00:01]} Rab8 {[%emt 0:00:03]} 25. axb4 {[%emt 0:00:02]} Rfd8 {[%emt 0:00:04]} 26. Rxa7 {[%emt 0:00:02]} g6 {[%emt 0:00:01]} 27. Qf7 {[%emt 0:00:01] Chase the sun gibt auf (Lag: Av=0.47s, max=0.8s)} 1-0

[Event "Stay Safe Play From Home 298"]
[Site "Emanuel Lasker Arena"]
[Date "2020.07.13"]
[Round "6"]
[White "Broken sword"]
[Black "AChessPlayer"]
[Result "1-0"]
[WhiteElo "2404"]
[BlackElo "2435"]
[Annotator "TA"]
[PlyCount "153"]
[EventDate "2020.07.13"]
[EventType "swiss (blitz)"]

{[%evp 11,152,38,61,56,65,48,54,32,68,58,78,29,36,26,27,29,26,25,81,-43,-17,-35,73,0,131,120,137,35,29,34,49,-24,40,-11,28,16,33,0,102,13,58,-45,-44,-41,-41,-46,-35,-35,-30,-37,40,16,0,23,80,0,0,-69,79,97,110,0,88,0,0,0,157,80,971,963,29991,917,925,907,1068,956,1132,1116,1161,1136,2604,2033,1940,1925,2476,1769,29982,29983,29982,29976,29986,29986,29988,29988,29988,29989,29989,29988,29988,29989,29990,29990,29993,29992,29993,29994,29995,29994,29995,29995,29996,29995,29995,29996,29996,29994,29994,29994,29994,29993,29993,29993,29994,29992,29992,29993,29994,29994,29994,29994,29995,29996,29997,29998,29998,29997,29998,29998,29998,29999,29999,29999,29999]} 1. e4 d6 2. d4 g6 3. Nc3 Bg7 4. Be3 Nd7 5. Qd2 a6 6. a4 b6 7. f3 {B06: Modern Defence.} e6 8. Bc4 Bb7 9. Nge2 {White is slightly better.} h6 10. Bb3 Ne7 11. h4 Nf6 12. g4 $36 {[%mdl 2048] Black is under pressure.} d5 {[%cal Rd5e4]} 13. e5 Nd7 {[#]} 14. f4 $146 ({Predecessor:} 14. Nd1 c5 15. c3 Nc6 16. f4 h5 17. g5 O-O 18. Ng3 cxd4 19. Bxd4 b5 20. O-O {0-1 (36) Rusak,A (1940)-Truyens,A (2138) LSS email 2009}) 14... c5 (14... h5 $11) 15. Nd1 (15. h5 $1 $16) 15... c4 16. Ba2 b5 (16... h5 $15 {keeps the upper hand.} 17. gxh5 Nf5 18. hxg6 fxg6) 17. c3 (17. h5 $16) 17... Bc6 (17... h5 $11) 18. Bb1 $16 h5 {[#]} ({But not} 18... bxa4 19. h5 $11) 19. gxh5 (19. f5 $1 $16 {[%mdl 512]}) 19... Rxh5 $14 20. Ng3 Rh8 21. Bc2 (21. h5 $14) 21... Qb6 (21... Qa5 $11) 22. h5 (22. axb5 $14 axb5 23. Rxa8+ Bxa8 24. h5) 22... O-O-O 23. axb5 axb5 24. Nf2 Kb7 {[#]} (24... Nf5 $11 25. Nxf5 gxf5) 25. Ke2 (25. Nfe4 $1 $16 {[%mdl 512] Black must now prevent Nd6+.} dxe4 26. d5) 25... Nf5 (25... b4 $5) 26. Bxf5 ({White should play} 26. Nxf5 $14 gxf5 27. b3) 26... gxf5 $15 27. Rag1 Bh6 28. Nh3 Ra8 29. Ng5 Rhf8 30. Ra1 b4 (30... Qd8 $15) 31. Rxa8 $14 Kxa8 32. Ra1+ Kb7 (32... Kb8 $11) 33. Nh7 (33. cxb4 $16 Nb8 34. Qc3) 33... Rg8 $11 34. Ng5 (34. Kf2 $11) 34... Bb5 (34... f6 $1 $15 {stays ahead.} 35. exf6 Nxf6) 35. Kf2 $16 Rg7 36. Qc2 (36. cxb4 $16 f6 37. Nf3) 36... Nb8 (36... b3 $11 {keeps the balance.} 37. Qb1 Qd8) 37. Qb1 ({White should try} 37. cxb4 $16 Be8 38. Ne2) 37... Nc6 38. Qa2 {And now Qa8+ would win.} Na7 $2 (38... Qd8 $1 $11) 39. Kf3 ({Better is} 39. Ne2) 39... Qc7 $2 {[%mdl 8192] Loses the game.} (39... Be8 $16) 40. Qxa7+ $18 Kc6 41. Qxc7+ (41. Qc5+ $142 Kd7 42. Qxb5+ Ke7 43. Ra8 Rg8 44. Rxg8 Bf8 45. Nh7 Qc8 46. Nf6 bxc3 47. Qb4+ {[%mdl 64] Double Attack} Kd8 48. Qd6+ Qd7 49. Qxd7#) 41... Kxc7 42. Ra7+ Kb6 43. Rxf7 Rg8 44. Rf6 Bf8 45. Nxe6 Ka5 46. Nxf8 Rh8 47. Ng6 bxc3 48. bxc3 Rc8 49. Rf8 {White mates.} Rc7 50. h6 Ka4 51. Nxf5 Kb3 52. e6 Kxc3 53. e7 Kd3 54. e8=Q Bxe8 55. Rxe8 c3 56. Re7 Rc6 57. h7 Rxg6 58. h8=Q Rc6 59. Qe5 c2 60. Qxd5 Rc4 61. Qe4+ Kc3 62. Bc1 Kb3 63. Qe3+ Rc3 {[#]} 64. Qxc3+ $3 {[%mdl 64] Promotion} Kxc3 65. Re3+ Kc4 66. Ke2 Kb4 67. Rd3 Kc4 68. Kd2 Kb4 69. d5 Kb5 70. d6 Ka6 71. d7 Ka7 72. d8=Q Kb7 73. Qd4 Kc8 74. Rc3+ Kb8 75. Qb4+ Ka8 76. Rb3 {[%csl Gb3][%cal Rb4b8]} Ka7 77. Ra3# {Accuracy: White = 47%, Black = 38%.} 1-0

[Event "Stay Safe Play From Home 298"]
[Site "Emanuel Lasker Arena"]
[Date "2020.07.13"]
[Round "6"]
[White "Toosieslide"]
[Black "Souchov"]
[Result "1-0"]
[WhiteElo "2206"]
[BlackElo "2050"]
[Annotator "TA"]
[PlyCount "101"]
[EventDate "2020.07.13"]
[EventType "swiss (blitz)"]

{[%evp 9,100,5,26,4,-4,-23,-23,-23,-23,-27,43,0,5,16,5,10,8,-28,39,31,38,36,48,-2,16,0,11,-6,18,7,27,22,35,32,127,132,118,111,339,332,324,393,342,354,353,359,413,410,409,385,467,341,451,424,616,595,588,537,512,459,892,877,783,645,29980,29981,29982,29983,29984,29980,29980,29981,29981,29982,29984,29985,29986,29987,29989,29986,29990,29991,29990,29989,29995,29993,29996,29992,29998,29996,29998,29999,29999]} 1. d4 Nf6 2. c4 g6 3. g3 Bg7 4. Nf3 O-O 5. Bg2 c5 6. dxc5 {E60: King's Indian: Unusual lines and Fianchetto Variation without Nc3.} Qa5+ 7. Nc3 Ne4 {[#]} 8. O-O $146 {Black has an edge.} ({Predecessor:} 8. Bd2 Nxd2 9. Qxd2 Qxc5 10. Rc1 Nc6 11. b3 d6 12. Nd5 a5 13. O-O Bg4 14. Rfd1 {0-1 (38) Moleman,A (1904)-Andrade,P (1788) IECC email 2002}) 8... Nxc3 9. bxc3 Bxc3 (9... Qxc3 $11 10. Rb1 Qxc4) 10. Bd2 Bxd2 11. Qxd2 Qxc5 12. Qh6 {Ng5 is the strong threat.} f6 13. h4 Qh5 (13... Qxc4 $11 14. h5 gxh5) 14. Qxh5 $14 gxh5 15. Nd4 Nc6 16. Nxc6 (16. Rfd1 {keeps more tension.} Rb8 17. c5 b6 18. Nxc6 dxc6 19. Bxc6 bxc5 20. Rac1) 16... bxc6 17. Bf3 Ba6 18. Rac1 Rac8 19. Rfd1 Rfd8 20. Bxh5 c5 21. Bg4 e6 {[#]} ({Better is} 21... Rc7 $14) 22. Rd6 $1 $36 {[%cal Rd6a6][%mdl 2048] Keeping Black busy.} Bb7 23. Rcd1 {Threatens to win with Bxe6+!} Bc6 $2 {[#] This move loses the game for Black.} (23... f5 $16 {was necessary.} 24. Bf3 (24. Rxd7 Rxd7 25. Rxd7 Bc6 $17) 24... Bxf3 25. exf3 Rc7) 24. Bxe6+ $1 $18 {[%mdl 576] Double Attack, Pin} Kf8 (24... dxe6 25. Rxd8+) 25. Bxd7 Ke7 {[%cal Rd8d7]} 26. Bxc8 ({Worse is} 26. Bxc6 Rxd6 27. Bd5 Rb8 $11) 26... Rxd6 27. Rxd6 Kxd6 {[%mdl 4096] Endgame KB-KB} 28. Bf5 h6 29. f4 Ba4 30. Bd3 Ke6 31. Kf2 h5 (31... Bd7 $142 32. g4 Be8) 32. Kf3 f5 33. e4 Bc6 34. Ke3 Kf6 (34... fxe4 $142 35. Be2 Be8 36. Kxe4 Bc6+ 37. Ke3 Be8) 35. exf5 Ba4 36. Be2 Bc6 37. Bxh5 {White mates.} Ba4 38. Bf3 Kxf5 39. Be4+ Kf6 40. g4 Bd1 41. g5+ Kg7 42. f5 Bh5 43. f6+ Kf8 44. Kf4 Bf7 45. g6 Bxc4 46. g7+ Kg8 47. Kg5 Bxa2 48. h5 c4 49. h6 c3 50. h7+ Kf7 51. g8=Q# {Accuracy: White = 87%, Black = 56%.} 1-0

[Event "Stay Safe Play From Home 298"]
[Site "Emanuel Lasker Arena"]
[Date "2020.07.13"]
[Round "6"]
[White "Lazieri3"]
[Black "Sfantul321"]
[Result "1-0"]
[WhiteElo "2035"]
[BlackElo "2031"]
[Annotator "NA RC"]
[PlyCount "113"]
[EventDate "2020.07.13"]
[EventType "swiss (blitz)"]

1. e4 {[%emt 0:00:01]} g6 {[%emt 0:00:00]} 2. c3 {[%emt 0:00:01]} Bg7 {[%emt 0:00:00]} 3. d4 {[%emt 0:00:01]} d6 {[%emt 0:00:00]} 4. Bd3 {[%emt 0:00:01]} Nf6 {[%emt 0:00:00]} 5. Be3 {[%emt 0:00:01]} O-O {[%emt 0:00:00]} 6. Qd2 {[%emt 0:00:01]} Ng4 {[%emt 0:00:01]} 7. Bf4 {[%emt 0:00:01]} e5 {[%emt 0:00:01]} 8. Bg3 {[%emt 0:00:01]} exd4 {[%emt 0:00:01]} 9. cxd4 {[%emt 0:00:00]} Bxd4 {[%emt 0:00:02]} 10. h3 {[%emt 0:00:01]} Ne5 {[%emt 0:00:02]} 11. Nc3 {[%emt 0:00:05]} Nxd3+ {[%emt 0:00:02]} 12. Qxd3 {[%emt 0:00:02]} Bg7 {[%emt 0:00:00]} 13. Nf3 {[%emt 0:00:01]} Nc6 {[%emt 0:00:01]} 14. O-O {[%emt 0:00:00]} Re8 {[%emt 0:00:01]} 15. Rfe1 {[%emt 0:00:01]} Be6 {[%emt 0:00:01]} 16. Rad1 {[%emt 0:00:04]} Nb4 {[%emt 0:00:01]} 17. Qb1 {[%emt 0:00:02]} h6 {[%emt 0:00:03]} 18. a3 {[%emt 0:00:01]} Nc6 {[%emt 0:00:00]} 19. Nd5 {[%emt 0:00:01]} Bxd5 {[%emt 0:00:01]} 20. exd5 {[%emt 0:00:00]} Ne7 {[%emt 0:00:01]} 21. Qd3 {[%emt 0:00:02]} Nf5 {[%emt 0:00:01]} 22. Rxe8+ {[%emt 0:00:02]} Qxe8 {[%emt 0:00:01]} 23. b4 {[%emt 0:00:01]} Nxg3 {[%emt 0:00:01]} 24. fxg3 {[%emt 0:00:00]} Qd7 {[%emt 0:00:01]} 25. Nd4 {[%emt 0:00:02]} Re8 {[%emt 0:00:02]} 26. Rf1 {[%emt 0:00:02]} a6 {[%emt 0:00:02]} 27. Nf3 {[%emt 0:00:02]} Qe7 {[%emt 0:00:02]} 28. Re1 {[%emt 0:00:01]} Qd7 {[%emt 0:00:01]} 29. Rxe8+ {[%emt 0:00:01]} Qxe8 {[%emt 0:00:00]} 30. Kf2 {[%emt 0:00:01]} f5 {[%emt 0:00:01]} 31. Qe3 {[%emt 0:00:02]} Qxe3+ {[%emt 0:00:02]} 32. Kxe3 {[%emt 0:00:00]} Bb2 {[%emt 0:00:01]} 33. a4 {[%emt 0:00:00]} b5 {[%emt 0:00:01]} 34. axb5 {[%emt 0:00:01]} axb5 {[%emt 0:00:00]} 35. Nd4 {[%emt 0:00:01]} Bxd4+ {[%emt 0:00:03]} 36. Kxd4 {[%emt 0:00:00]} Kf7 {[%emt 0:00:00]} 37. g4 {[%emt 0:00:00]} fxg4 {[%emt 0:00:01]} 38. hxg4 {[%emt 0:00:00]} Kf6 {[%emt 0:00:00]} 39. Ke4 {[%emt 0:00:01]} Kg5 {[%emt 0:00:01]} 40. Kf3 {[%emt 0:00:01]} Kh4 {[%emt 0:00:01]} 41. Kf4 {[%emt 0:00:02]} g5+ {[%emt 0:00:01]} 42. Kf3 {[%emt 0:00:03]} h5 {[%emt 0:00:03]} 43. gxh5 {[%emt 0:00:00]} Kxh5 {[%emt 0:00:01]} 44. Kg3 {[%emt 0:00:01]} Kg6 {[%emt 0:00:02]} 45. Kg4 {[%emt 0:00:00]} Kf6 {[%emt 0:00:00]} 46. Kh5 {[%emt 0:00:01]} Ke5 {[%emt 0:00:01]} 47. Kxg5 {[%emt 0:00:01]} Kxd5 {[%emt 0:00:00]} 48. Kf6 {[%emt 0:00:00]} Ke4 {[%emt 0:00:03]} 49. g4 {[%emt 0:00:00]} d5 {[%emt 0:00:00]} 50. g5 {[%emt 0:00:00]} d4 {[%emt 0:00:00]} 51. g6 {[%emt 0:00:00]} d3 {[%emt 0:00:00]} 52. g7 {[%emt 0:00:00]} d2 {[%emt 0:00:00]} 53. g8=Q {[%emt 0:00:00]} d1=Q {[%emt 0:00:00]} 54. Qe8+ {[%emt 0:00:01]} Kf3 {[%emt 0:00:01]} 55. Qxb5 {[%emt 0:00:00]} Qd6+ {[%emt 0:00:03]} 56. Kf5 {[%emt 0:00:01]} Qd7+ {[%emt 0:00:02]} 57. Qxd7 {[%emt 0:00:01] Time (Lag: Av=0.41s, max=0.5s)} 1-0

[Event "Stay Safe Play From Home 298"]
[Site "Emanuel Lasker Arena"]
[Date "2020.07.13"]
[Round "6"]
[White "Bardellosport"]
[Black "SoulofWolf"]
[Result "1-0"]
[WhiteElo "2022"]
[BlackElo "2209"]
[Annotator "TA"]
[PlyCount "63"]
[EventDate "2020.07.13"]
[EventType "swiss (blitz)"]

{[%evp 9,62,8,38,11,31,-14,-19,-31,-31,-27,-18,-35,6,-1,35,36,37,0,0,0,333,0,54,-16,0,-19,-14,-41,-38,-52,-18,-9,406,408,472,447,523,499,556,550,541,525,638,648,934,934,854,862,1417,1445,1381,1364,29978,2998,29999]} 1. d4 c6 2. e3 d6 3. f4 Nd7 4. Nf3 {[#]} g6 $146 ({Predecessor:} 4... Qc7 5. c3 e5 6. dxe5 dxe5 7. Bc4 b5 8. Bxf7+ Kxf7 9. Qb3+ Ke8 10. Ng5 Nc5 {½-½ (21) Arguello Cardoni,C (1617)-Serra,M (1541) Tacuari 2018}) 5. Bc4 b5 6. Bb3 {A40: Unusual replies to 1 d4.} Bg7 7. Qe2 a5 {...a4 is the strong threat.} 8. a3 {The position is equal.} e6 9. e4 Ne7 10. e5 d5 11. O-O h5 12. c3 Ba6 13. Bc2 b4 $36 {[%mdl 2048] Black has some pressure.} 14. Bd3 bxc3 $2 {[%mdl 8192]} (14... Bxd3 $11 {and Black stays safe.} 15. Qxd3 bxc3) 15. Nxc3 $2 ({Only move:} 15. Bxa6 $18 cxb2 16. Bxb2) 15... Nb8 (15... Bxd3 $11 16. Qxd3 a4) 16. a4 (16. Na4 $14) 16... O-O 17. h3 Nf5 $1 {[%cal Rf5g3] Threatens to win with ...Ng3.} 18. Kh2 h4 19. Bxa6 Ng3 20. Qf2 {[#] aiming for Bd3.} Nxf1+ $4 {[%mdl 8192] This costs Black the game.} (20... Nxa6 $11 21. Rd1 Nb4) 21. Bxf1 $18 Bh6 22. Nxh4 Kg7 23. Nf3 Rh8 24. g4 Kg8 25. f5 Bxc1 26. Rxc1 gxf5 27. gxf5 exf5 28. Bd3 f4 29. Rg1+ Kf8 30. Ng5 Rh5 {[#]} 31. Qxf4 (31. Ne6+ $142 $1 {[%mdl 512]} fxe6 32. Qxf4+ Ke8 33. Rg7 Qe7 34. Bg6+ {[%mdl 64] Double Attack} Kd8 35. Rxe7 Kxe7 36. Bxh5) 31... Nd7 32. Qxf7# {Accuracy: White = 62%, Black = 39%.} 1-0

[Event "Stay Safe Play From Home 298"]
[Site "Emanuel Lasker Arena"]
[Date "2020.07.13"]
[Round "6"]
[White "Buzaglo"]
[Black "Mepe_Nika"]
[Result "0-1"]
[WhiteElo "1852"]
[BlackElo "2375"]
[Annotator "TA"]
[PlyCount "124"]
[EventDate "2020.07.13"]
[EventType "swiss (blitz)"]

{[%evp 10,124,1,-8,20,-6,-2,-18,-20,-44,-25,-29,-47,-110,-58,-48,-39,-45,-53,-47,290,0,434,449,404,75,82,47,65,-14,-8,-12,0,0,0,-4,0,-48,-9,-6,0,-2,0,-2,0,0,0,-53,-53,-92,-81,-97,-89,-109,-56,-79,-70,-83,-80,-69,0,-73,0,-417,-169,-186,-188,-189,-172,-172,-172,-6035,-6027,-29974,-29975,-29975,-29976,-29976,-29977,-29979,-29979,-29986,-29982,-29990,-29991,-29991,-29990,-29991,-29988,-29996,-29989,-29992,-29989,-29992,-29990,-29990,-29990,-29990,-29989,-29990,-29990,-29991,-29991,-29991,-29991,-29992,-29991,-29993,-29994,-29994,-29994,-29994,-29995,-29995,-29993,-29993,-29993]} 1. d4 d5 2. Nf3 Nf6 3. g3 Bf5 4. Bg2 e6 5. O-O Be7 6. Nbd2 O-O {D02: 1 d4 d5 2 Nf3 sidelines, including 2...Nf6 3 g3 and 2...Nf6 3 Bf4.} 7. c4 h6 {[#]} 8. cxd5 $146 ({Predecessor:} 8. b3 Nbd7 9. Bb2 c6 10. Rc1 Bh7 11. Re1 Ne4 12. Nxe4 Bxe4 13. Nd2 Bxg2 14. Kxg2 f5 15. f3 Bg5 16. Rc3 Bxd2 17. Qxd2 Nf6 18. Ba3 Rf7 19. Qf4 Qe8 20. Bd6 Qd7 {1-0 (29) Cordeiro da Silva,F (1803)-Gambale,E (1980) Sao Paulo 2019}) 8... exd5 {The position is equal.} 9. Nh4 Be6 10. e4 dxe4 11. Re1 (11. Nxe4 $15 Nd5 12. Nf3) 11... c6 (11... Nc6 $17 {And now ...Bg4 would win.} 12. Nxe4 Qxd4) 12. Nxe4 $15 Nxe4 13. Rxe4 Bd5 14. Rg4 {Black must now prevent Bxh6.} Bxg2 $4 {[%mdl 8192]} (14... f5 $15 {keeps the upper hand.} 15. Rg6 Bxh4 16. gxh4 Bf7) 15. Nxg2 $2 ({White has to play} 15. Bxh6 $1 $18 Bxh4 16. gxh4) 15... Nd7 $2 {[%mdl 8192]} (15... h5 $11 {and Black is okay.} 16. Re4 Nd7) 16. Bxh6 $1 $18 Bf6 17. Bd2 $2 (17. Nh4 $18 {aiming for Bxg7!} Kh8 18. Bxg7+ $1 {[%mdl 512]} Bxg7 19. Nf5) 17... Re8 18. Qc2 Nf8 19. Re4 ({White should try} 19. Bc3 $14) 19... Rxe4 $11 20. Qxe4 Qxd4 21. Qxd4 Bxd4 22. Rb1 Re8 23. Bf4 Ne6 24. Be3 c5 25. Bxd4 Nxd4 {[%mdl 4096] Endgame KRN-KRN} 26. Ne3 b5 27. Kg2 a5 28. Nd5 (28. Rc1 $11) 28... Re2 $15 29. Nf4 Rd2 30. a3 c4 31. Nd5 Nc2 ({Better is} 31... Nc6 $17 32. Nc3 b4 33. axb4 axb4) 32. Nc3 {[#]} b4 $1 {[%cal Rb4c3]} 33. axb4 axb4 {[%cal Ba5b4,Bb4c3,Bc3c2][%mdl 32]} 34. Ne4 Re2 (34... Rd4 $15 35. Rc1 b3) 35. Nc5 (35. Nd6 $11 {keeps the balance.}) 35... Nd4 (35... b3 $17) 36. Ra1 $2 {[%mdl 8192]} (36. Rc1 $11 {and White stays safe.}) 36... c3 (36... Rxb2 $142 {Threatens to win with ...c3.} 37. Na4 Rc2) 37. Ra8+ Kh7 38. bxc3 bxc3 39. Nd3 c2 {Strongly threatening ...Rd2.} 40. Kf1 $2 (40. Rc8) 40... Rd2 $19 41. Nc1 Rd1+ {[%mdl 64] Double Attack. Black mates.} 42. Kg2 Rxc1 {KRN-KR} 43. Rc8 Rd1 44. Rxc2 Nxc2 45. h4 {[#]} Rd2 $1 46. h5 Ne1+ 47. Kh3 Nd3 48. g4 Nxf2+ 49. Kh4 Nxg4 50. Kg5 Rd6 51. h6 Rxh6 52. Kxg4 {KR-K} Rg6+ {[%cal Bh6g6,Bg6g4,Bg4e4,Be4c4,Bc4c2][%mdl 32]} 53. Kf3 f5 54. Kf2 Rg4 55. Kf3 g5 56. Kf2 Kh6 57. Kf3 Kh5 58. Kf2 Re4 59. Kf3 g4+ 60. Kf2 Kh4 61. Kg2 Rc4 62. Kf2 Rc2+ {Never resign too early! Accuracy: White = 49%, Black = 63%.} 0-1

[Event "Stay Safe Play From Home 298"]
[Site "Emanuel Lasker Arena"]
[Date "2020.07.13"]
[Round "6"]
[White "NeatFox"]
[Black "Lamborghini"]
[Result "0-1"]
[WhiteElo "1851"]
[BlackElo "2117"]
[Annotator "TA"]
[PlyCount "112"]
[EventDate "2020.07.13"]
[EventType "swiss (blitz)"]

{[%evp 9,112,-83,0,-97,-57,-88,-45,-83,-77,-117,-110,-135,-133,-141,-117,-120,-105,-116,-123,-114,-35,-148,-127,-138,-129,-221,-203,-399,-392,-379,-388,-498,-462,-568,-469,-629,-600,-538,-353,-363,-362,-370,-379,-381,-343,-531,-536,-536,-524,-705,-711,-681,-532,-521,-532,-1262,-445,-977,-958,-927,-539,-532,-532,-493,-392,-553,-539,-642,-606,-551,-523,-493,-495,-538,-524,-891,-550,-2103,-2003,-1597,29969,29971,29978,29966,29964,29958,12795,251,252,252,252,0,0,0,29983,29985,29985,29986,29986,29985,29985,29986,29988,29989,29993]} 1. g4 e5 2. Bg2 d5 3. c4 dxc4 4. Qa4+ Nd7 5. Qxc4 Nb6 {[#]} (5... h5 $17 6. gxh5 Ngf6) 6. Qb3 $146 {A00: Irregular Openings.} (6. Qb5+ $11 {remains equal.} Nd7 7. Nf3) ({Predecessor:} 6. Qb5+ Nd7 7. Qb3 Nc5 8. Qe3 Bd6 9. d4 Ne6 10. dxe5 Bc5 11. Qd2 Qxd2+ 12. Nxd2 {1-0 (48) Scheunemann,U (1384)-Ortner,M (1112) Ditzingen 2006}) 6... Be6 7. Qe3 Nc4 ({Much worse is} 7... Bxg4 $6 8. Bxb7 Rb8 9. Bc6+ (9. Qxe5+ Ne7 $11) 9... Nd7 10. Qxe5+ Ne7 11. Nc3 $11) 8. Qb3 {Black is slightly better.} Nd6 9. Qa4+ Bd7 10. Qd1 Bxg4 11. h3 Bh5 12. Nc3 Nf6 13. Nf3 e4 14. Ne5 Qe7 (14... c6 $17 15. Qa4 Qc7) 15. Ng4 (15. Qa4+ $15 c6 16. Nxc6 $1 {[%mdl 512]}) 15... Nxg4 16. hxg4 Bxg4 17. Qb3 (17. d3 $17) 17... O-O-O $19 18. Nb5 $2 (18. Qa4 {keeps fighting.}) 18... Nxb5 19. Qxb5 f5 20. Qa4 Kb8 21. Qa5 Qe6 22. b3 Be7 23. Bb2 Bf6 24. Bxf6 Qxf6 {[%cal Rf6a1]} ({Don't take} 24... gxf6 25. Rh6 $19) 25. Rc1 Rd7 26. Qc3 Qd6 27. O-O (27. d4 {was worth a try.}) 27... Bxe2 28. Rfe1 Bd3 29. f3 {[#]} Qg6 $1 {( -> ...exf3)} 30. fxe4 Bxe4 {[%csl Ge4][%cal Rg6g2]} 31. Re2 Rhd8 32. Rd1 Qb6+ (32... Rd3 $142 33. Qe5 {[#]} Rg3 $1 {[%mdl 512]} 34. Qxg3 Qxg3) 33. d4 (33. Qe3 $142) 33... Rxd4 34. Rxd4 Qxd4+ 35. Qxd4 Rxd4 36. Bxe4 fxe4 {[%mdl 4096] Endgame KR-KR} 37. Rf2 (37. Kf2 {was called for.}) 37... a5 38. Rf7 Rd1+ 39. Kf2 Ka7 40. Ke3 Ra1 41. Kxe4 Rxa2 42. Rxg7 Rb2 43. Rxh7 Kb6 44. Rh3 Rxb3 $4 {[%mdl 8192]} (44... Kb5 $19 45. Kd4 Kb4) 45. Rxb3+ {KR-K3P} Kc5 46. Rb2 b5 47. Kd3 Kb6 48. Kc3 $2 (48. Kd4 c5+ 49. Kd5) 48... c5 49. Kd3 a4 50. Ke4 $2 ({White should play} 50. Kc3 $18) 50... Ka5 51. Kd5 c4 $2 {[%mdl 8192]} (51... a3 $11 52. Rd2 Kb4) 52. Kc5 {White mates.} c3 53. Rxb5+ Ka6 54. Rb1 c2 55. Rc1 a3 56. Rxc2 a2 {[%mdl 32768] White used his chance. Accuracy: White = 36%, Black = 60%. . Loss on time!?} 0-1